000 00644nam a2200193Ia 4500
005 20250508153724.0
008 008 250505s9999 xx 000 0 eng d
037 _aTextual
040 _aFEDL
_beng
_cFEDL
041 _aeng
_2eng
084 _a370.193, HOL
_qFEDL
100 _aHollis Ernest V.
245 0 _aSocial work education in the United States : The report of a study made for the national council on social work education
260 _aNew York, USA
_bColumbia University Press
_c1951
300 _axviii,422p
700 _a Tarlor Alice L.
_9764283
942 _cTEXL
_h370.193, HOL
999 _c1344987
_d1344987